000 01433nam a2200301 i 4500
003 EG-GICUC
005 20260121101222.0
008 251115s2005 ua ||||fr|||| 00| 0 ara d
017 _a200416737
040 _a EG-GICUC
_bara
_c EG-GICUC
_d EG-GICUC
_erda
041 0 _aara
082 0 4 _221
_a341.851
_bه ش . ج
092 0 4 _221
099 _aLaw1 12 341.851 ه ش . ج 2005
100 0 _aهشام خالد
_eمؤلف.
245 1 0 _aجدوى اللجوء إلى التحكيم التجارى الدولى :
_b دراسة تفصيلية مقارنة فى الأنظمة القانونية الانجلوسكسونية اللاتينية ، العربية , الاتفاقيات الدولية ولوائح مؤسسات التحكيم التجاري الدولي \
_cهشام خالد .
264 1 _aالاسكندرية :
_bمنشأة المعارف ,
_c2005 .
300 _a714 ؛صفحة
_c24 سم.
336 _2rda content
_atext
337 _2rda media
_aComputer
338 _2rda carrier
_aOnline Resource
504 _aيحتوي على ارجاعات ببليوجرافية يحتوي على قائمة بالمراجع
546 _aالنص أغلبه باللغة العربية بعض النصوص الإنجليزية والفرنسية
650 1 _aالتحكيم - قانون دولي
856 4 0 _uhttps://fll.law.cu.edu.eg/fulltext/bks/B12-01104.pdf
905 _a75
_eYara
942 _2ddc
_n0
_cBK
_e21
999 _c43300
_d43300